000 00719cam a2200193 4500
001 WB3705-20
008 000000n2001 000 0 eng u
035 _a(Sirsi) u110653
245 _aWeb-hosting firms in trouble
260 _c2001
490 _aEstates Gazette
_v(0104) 27 January 2001, 41(1)
520 _aThe Chief Executive of Cityreach, a leading web-hosting company, has predicted that up to half of the web-hosting companies launched in 2000 will be out of business by the end of 2001. He predicts a wave of consolidation and takeovers.
590 _aWB
650 _aWEB HOSTING SERVICES
650 _aFORECASTS
650 _aE-COMMERCE
690 _aINFORMATION TECHNOLOGY-INTERNET
942 _n0
999 _c65936
_d65936